000 00794nas a2200265 4500
001 BR0003486
003 BR-BrBNA
005 20231205101940.0
007 ta
008 230509b bl.|||p| |||| 00| 00por d
040 _aBR-BrBNA
_bpor
_cBiblioteca Nacional de Agricultura
041 _a(Pt)
072 _aL70
100 1 _aNatalini, C.C.
100 1 _aPires, J. da S.
245 1 _aAvaliacao comparativa entre a anestesia geral com halotano e isoflurano sobre a pressao arterial em caes
650 _aCao
650 _aHalotano
650 _aPressao Arterial
650 _aCirurgia
650 _aAnestesico
773 0 _tCiencia Rural (Brazil)
_xISSN 0103-8478
_g(May-Jun 2000), v. 30(3) p. 425-430
_wBR0003486
909 _a202311
_bLúcia
_c55
_dLúcia Elande
942 _2AGRIS
_n0
_cANA
999 _c164885
_d164885